[Event "34th Chess Olympiad (women)"]
[Site "Istanbul"]
[Date "2000.10.29"]
[Round "2.21.1"]
[White "Agrest, Svetlana"]
[Black "Skripchenko-Lautier, Almira"]
[WhiteElo "2210"]
[BlackElo "2450"]
[WhiteCountry "SWE"]
[BlackCountry "MDA"]
[Result "0-1"]

1. e4 c5 2. Nf3 e6 3. d3 Nc6 4. g3 g6 5. Bg2 Bg7 6. O-O Nge7 7. c3 O-O 
8. Re1 e5 9. Nbd2 d6 10. Nb3 f5 11. exf5 Nxf5 12. Ng5 Nce7 13. Qe2 h6 
14. Ne4 d5 15. Ned2 b6 16. f4 exf4 17. gxf4 Kh7 18. Nf3 Ba6 19. Qc2 Qc7 
20. Bd2 Rad8 21. Rad1 Ng8 22. Bc1 Nf6 23. Ne5 Bc8 24. Qf2 Nd6 25. Nd2 Nh5 
26. Nf1 Nxf4 27. Bxf4 g5 28. Bxd5 Rxf4 29. Qe2 Nf5 30. Bg2 Re8 31. d4 cxd4 
32. cxd4 Nxd4 33. Be4+ Nf5 34. Rc1 Qxe5 35. Bf3 
0-1

[Event "34th Chess Olympiad (women)"]
[Site "Istanbul"]
[Date "2000.10.29"]
[Round "2.21.2"]
[White "Sheremetieva, Marina"]
[Black "Buervenich, Silvia"]
[WhiteElo "2340"]
[BlackElo "2201"]
[WhiteCountry "MDA"]
[BlackCountry "SWE"]
[Result "1/2-1/2"]

1. e4 c5 2. Nf3 d6 3. Bb5+ Nd7 4. O-O Nf6 5. Re1 a6 6. Bf1 b6 7. a4 e5 
8. d3 Be7 9. Nc3 O-O 10. Kh1 Qc7 11. Nxe5 dxe5 12. f4 Bd6 13. Qf3 Bb7 
14. f5 Be7 15. Qg3 Kh8 16. Bd2 Nxe4 17. dxe4 c4 18. b3 b5 19. bxc4 bxc4 
20. a5 f6 21. Ra4 Rfe8 22. Rb1 Qc5 23. Bd3 Rec8 24. h3 Bf8 25. Rd1 Rd8 
26. Qxe5 fxe5 27. f6 h5 28. fxg7+ Bxg7 29. Bf1 
1/2-1/2

[Event "34th Chess Olympiad (women)"]
[Site "Istanbul"]
[Date "2000.10.29"]
[Round "2.21.3"]
[White "Andersson, Christin"]
[Black "Susterman, Anja"]
[WhiteElo "2096"]
[BlackElo "2223"]
[WhiteCountry "SWE"]
[BlackCountry "MDA"]
[Result "1/2-1/2"]

1. e4 d5 2. exd5 Nf6 3. Nf3 Nxd5 4. d4 Bg4 5. Be2 e6 6. O-O Be7 7. c4 Nb6 
8. Nc3 O-O 9. Be3 Nc6 10. b3 f5 11. d5 exd5 12. Bxb6 axb6 13. Qxd5+ Qxd5 
14. Nxd5 Bd6 15. Rfd1 Rfe8 16. Kf1 Ne5 17. Nxb6 Nxf3 18. Bxf3 Bxf3 19. gxf3 Ra6 
20. Nd5 Bxh2 21. Kg2 Be5 22. Re1 Kf8 23. Rad1 Rxa2 24. c5 g5 25. Nb4 Ra5 
26. Rd5 Bf6 27. Rxe8+ Kxe8 28. Rxf5 Be7 29. Nd5 c6 30. Nxe7 Kxe7 31. Rxg5 Kf6 
32. Rh5 Kg6 33. Re5 Rb5 34. Re6+ Kf7 35. Rh6 Kg7 36. Rd6 Rxb3 37. Kg3 Rb5 
38. f4 Rxc5 39. Rd7+ Kg6 40. Rxb7 Rc3+ 41. f3 Rc1 42. f5+ Kxf5 43. Rxh7 c5 
1/2-1/2

[Event "34th Chess Olympiad (women)"]
[Site "Istanbul"]
[Date "2000.10.29"]
[Round "2.22.1"]
[White "Vovk, Oksana"]
[Black "Sanli, Emine"]
[WhiteElo "2093"]
[BlackElo "2000"]
[WhiteCountry "DEN"]
[BlackCountry "TURB"]
[Result "1-0"]

1. d4 d5 2. c4 e6 3. Nc3 Nf6 4. Bg5 Be7 5. cxd5 exd5 6. e3 h6 7. Bh4 O-O 
8. Nf3 c6 9. Bd3 Re8 10. O-O Ne4 11. Bxe7 Qxe7 12. Qc2 Nd7 13. Rab1 a5 
14. a3 Nxc3 15. Qxc3 c5 16. Rbd1 c4 17. Bb1 b5 18. Nd2 Nf6 19. Rfe1 Bb7 
20. f3 b4 21. axb4 axb4 22. Qc2 Qd7 23. e4 dxe4 24. fxe4 Rac8 25. e5 g6 
26. Re3 Bd5 27. Rh3 Kg7 28. Rg3 Rb8 29. h4 Kg8 30. Qf5 Rb6 
1-0

[Event "34th Chess Olympiad (women)"]
[Site "Istanbul"]
[Date "2000.10.29"]
[Round "2.22.2"]
[White "Goler, Isil"]
[Black "Peicheva-Hansen, Evgenia"]
[WhiteElo "2000"]
[BlackElo "2162"]
[WhiteCountry "TURB"]
[BlackCountry "DEN"]
[Result "0-1"]

1. d4 Nf6 2. c4 c5 3. d5 e6 4. Nc3 exd5 5. cxd5 d6 6. Bg5 h6 7. Bh4 a6 8. a4 g5 
9. Bg3 Nh5 10. e4 Nxg3 11. hxg3 Bg7 12. Bd3 Nd7 13. f4 Nf6 14. Nge2 Ng4 
15. Qd2 gxf4 16. gxf4 Qa5 17. Ra3 Bd7 18. Rh5 c4 19. Bxc4 Qc5 20. Qd3 Rc8 
21. Ba2 Qf2+ 22. Kd2 Qxg2 23. Bb1 Nh2 24. Rh4 Nf3+ 
0-1

[Event "34th Chess Olympiad (women)"]
[Site "Istanbul"]
[Date "2000.10.29"]
[Round "2.22.3"]
[White "Steffensen, Elena"]
[Black "Meseli, Perihan"]
[WhiteElo "2068"]
[BlackElo "2000"]
[WhiteCountry "DEN"]
[BlackCountry "TURB"]
[Result "1-0"]

1. e4 d5 2. exd5 Qxd5 3. Nc3 Qa5 4. Nf3 Nf6 5. d3 c6 6. Be2 Bf5 7. O-O e6 
8. Bd2 Qc7 9. h3 Bd6 10. b4 Bxb4 11. Nb5 cxb5 12. Bxb4 a5 13. Ba3 b4 
14. Bb2 Nbd7 15. a3 O-O 16. axb4 axb4 17. Qd2 Nd5 18. Nd4 Rfc8 19. Bf3 Nc3 
20. Qg5 g6 21. Rxa8 Rxa8 22. Qxf5 exf5 23. Nb5 Nxb5 24. Bd5 Rf8 25. Re1 Nc5 
26. Bf3 Ne6 27. Be5 b6 28. Rb1 Rd8 29. Bc6 Rb8 30. Ra1 Ra8 31. Ra6 
1-0

[Event "34th Chess Olympiad (women)"]
[Site "Istanbul"]
[Date "2000.10.29"]
[Round "2.23.1"]
[White "Cinak, Nilufer"]
[Black "Caoili, Arianne"]
[WhiteElo "2057"]
[BlackElo "2113"]
[WhiteCountry "TURA"]
[BlackCountry "PHI"]
[Result "1-0"]

1. e4 c5 2. d4 cxd4 3. c3 dxc3 4. Nxc3 a6 5. Nf3 e6 6. Bc4 d6 7. O-O Be7 
8. Qe2 Nd7 9. Rd1 b5 10. Bb3 Bb7 11. Bf4 Qb6 12. a4 b4 13. a5 Qc7 14. Na4 e5 
15. Rdc1 Qb8 16. Bg5 Bf6 17. Rc4 d5 18. Rxb4 dxe4 19. Nd2 Be7 20. Rc4 Bb4 
21. Rc3 Ndf6 22. Rg3 Ra7 23. Nb6 Bc6 24. Ndc4 g6 25. Ne3 Qd8 26. Nf5 Nd7 
27. Rd1 e3 
1-0

[Event "34th Chess Olympiad (women)"]
[Site "Istanbul"]
[Date "2000.10.29"]
[Round "2.23.2"]
[White "Mendoza, Beverly"]
[Black "Cavusoglu, Yildiz"]
[WhiteElo "2098"]
[BlackElo "2000"]
[WhiteCountry "PHI"]
[BlackCountry "TURA"]
[Result "1/2-1/2"]

1. e4 e5 2. Nf3 Nf6 3. Bc4 Bc5 4. Nxe5 O-O 5. O-O d6 6. Nd3 Nxe4 7. Nxc5 Nxc5 
8. d4 d5 9. Be2 Ne4 10. Nc3 Bf5 11. Bd3 Bg6 12. Ne2 Nc6 13. c3 Qd7 14. Nf4 Ne7 
15. Qc2 Nf6 16. Nxg6 fxg6 17. Bg5 Rae8 18. Rae1 c6 19. h3 Nc8 20. Bxf6 Rxf6 
21. Re5 Rfe6 22. f4 Nd6 23. f5 gxf5 24. Bxf5 Nxf5 25. Qxf5 Qe7 26. Rfe1 Rxe5 
27. Rxe5 Qf7 28. Qxf7+ Kxf7 29. Rxe8 Kxe8 30. Kf2 Kf7 31. Ke3 Ke6 32. Kf4 Kf6 
33. h4 g6 34. g3 h6 35. g4 g5+ 36. Kg3 Ke6 37. hxg5 hxg5 38. Kf3 b6 39. Ke3 Kd6 
40. Kd3 b5 41. b3 a6 42. a3 Kd7 43. Kc2 Kd6 44. a4 bxa4 45. bxa4 a5 46. Kd2 Ke6 
47. Ke3 Kd6 48. Ke2 Ke6 49. Kd3 Kd6 50. c4 
1/2-1/2

[Event "34th Chess Olympiad (women)"]
[Site "Istanbul"]
[Date "2000.10.29"]
[Round "2.23.3"]
[White "Yildiz, Betul"]
[Black "Bernardo, Leah"]
[WhiteElo "2000"]
[BlackElo "2000"]
[WhiteCountry "TURA"]
[BlackCountry "PHI"]
[Result "1-0"]

1. d4 Nf6 2. Nf3 e6 3. Nbd2 d5 4. c3 Be7 5. e3 O-O 6. Bd3 Nbd7 7. O-O b6 
8. e4 dxe4 9. Nxe4 Bb7 10. Re1 Nxe4 11. Rxe4 Nf6 12. Re1 c5 13. Bf4 Rc8 
14. Qa4 Qd7 15. Qa5 Ba6 16. Qxa6 Nh5 17. Be3 Bd6 18. dxc5 Bxc5 19. Rad1 Qe7 
20. Ne5 Rcd8 21. Bf4 Nxf4 22. Nc6 Rxd3 23. Qxd3 Qg5 24. Qf3 a6 25. g3 Ng6 
26. c4 h5 27. Qe3 Qxe3 28. fxe3 Rc8 29. Rd6 Kf8 30. b3 Ke8 31. Kf2 b5 
32. Ne7 Kxe7 33. b4 Ra8 34. a3 Ra7 35. g4 e5 36. Kg3 hxg4 37. e4 f6 
38. Kxg4 Ra8 39. Kf5 Ra7 40. h4 Kf7 41. h5 Ra8 42. Rd7+ Kg8 43. Kxg6 
1-0

[Event "34th Chess Olympiad (women)"]
[Site "Istanbul"]
[Date "2000.10.29"]
[Round "2.24.1"]
[White "Sultan, Hoda"]
[Black "Hamid, Rani"]
[WhiteElo "2000"]
[BlackElo "2106"]
[WhiteCountry "UAE"]
[BlackCountry "BAN"]
[Result "0-1"]

1. e4 c5 2. c3 d5 3. exd5 Qxd5 4. d4 Nc6 5. Nf3 e6 6. Be2 Nf6 7. O-O cxd4 
8. Nxd4 Nxd4 9. Qxd4 Qxd4 10. cxd4 Be7 11. Nc3 O-O 12. Bf4 Rd8 13. Rfd1 a6 
14. Rac1 b5 15. Bf3 Ra7 16. Bb8 Rad7 17. d5 Bb7 18. Be5 Nxd5 19. Nxd5 Bxd5 
20. Bxd5 Rxd5 21. Rxd5 Rxd5 22. Bf4 g5 23. Be3 a5 24. f3 a4 25. Kf2 h5 
26. h3 h4 27. Ke2 Kg7 28. Rd1 Kg6 29. Rxd5 exd5 30. Kd3 Kf5 31. b3 axb3 
32. axb3 Ke5 33. Bd4+ Kf4 34. Bf2 Bd8 35. Ke2 f5 36. Kd3 g4 37. fxg4 fxg4 
38. hxg4 Kxg4 39. Ke2 Bf6 40. Kd3 Be5 41. Ke2 Bg3 42. Bd4 Kf4 43. Kd3 Be1 
44. Ke2 Ke4 45. Bg1 Bg3 46. Kd2 d4 47. Ke2 Bf4 48. Bf2 Bg5 49. Bg1 d3+ 
50. Kd1 Be3 51. Bh2 Kd4 52. b4 Kd5 53. Bc7 Bg5 54. Bb6 Be7 55. Kd2 Kc4 
56. Bf2 Bxb4+ 57. Kd1 Be7 58. Be1 b4 59. Kc1 Bg5+ 
0-1

[Event "34th Chess Olympiad (women)"]
[Site "Istanbul"]
[Date "2000.10.29"]
[Round "2.24.2"]
[White "Sultana, Zakia"]
[Black "Hassan, Amina"]
[WhiteElo "2044"]
[BlackElo "2000"]
[WhiteCountry "BAN"]
[BlackCountry "UAE"]
[Result "1-0"]

1. d4 Nf6 2. c4 g6 3. Nc3 Bg7 4. Nf3 O-O 5. e4 d6 6. Be2 e5 7. O-O Nc6 
8. d5 Ne7 9. Ne1 Ne8 10. Be3 f5 11. f3 f4 12. Bf2 Rf7 13. b4 Bf8 14. Nd3 h5 
15. Bh4 Bh6 16. c5 g5 17. Be1 g4 18. fxg4 hxg4 19. Bxg4 Rg7 20. Bxc8 Qxc8 
21. Qh5 Rg6 22. Rf3 Nf6 23. Qh3 Ng4 24. Bd2 Bg7 25. Nf2 Qd7 26. Kf1 Kf7 
27. Nxg4 Rxg4 28. g3 Rh8 29. Qg2 c6 30. Re1 cxd5 31. cxd6 Qxd6 32. h3 dxe4 
33. Nxe4 Qa6+ 34. Kg1 Rg6 35. a3 Nf5 36. Bxf4 Nh4 37. Bxe5+ Nxf3+ 38. Qxf3+ Kg8 
39. Nc5 Qb6 40. Qd5+ Kh7 41. Bf4 Rd8 42. Qh5+ Kg8 43. Kh2 Bh6 44. Bxh6 Rxh6 
45. Re8+ Rxe8 46. Qxe8+ Kg7 47. Qe7+ Kg8 48. Qe8+ Kg7 49. Qd7+ Kg8 50. h4 Qf6 
51. Qc8+ Qf8 52. Qxb7 Qf2+ 53. Qg2 Qxg2+ 54. Kxg2 Rc6 55. g4 a5 56. Kf3 axb4 
57. axb4 Kf7 58. g5 Kg6 59. Kg4 Rd6 60. h5+ Kg7 61. Kf5 Rd5+ 62. Ke4 Rxg5 
63. Ne6+ 
1-0

[Event "34th Chess Olympiad (women)"]
[Site "Istanbul"]
[Date "2000.10.29"]
[Round "2.24.3"]
[White "Hassan, Jawaher"]
[Black "Khan, Nazrana"]
[WhiteElo "2000"]
[BlackElo "2000"]
[WhiteCountry "UAE"]
[BlackCountry "BAN"]
[Result "0-1"]

1. e4 c5 2. Nc3 Nc6 3. g3 d6 4. Bg2 Nf6 5. f4 e6 6. Nf3 Be7 7. O-O Bd7 
8. d3 O-O 9. Be3 Ng4 10. Bd2 f5 11. h3 fxe4 12. dxe4 Nf6 13. Be3 Qc8 
14. Kh2 Rb8 15. e5 Ne8 16. exd6 Nxd6 17. Bxc5 Nf5 18. Bf2 Bf6 19. Qd2 a6 
20. Rab1 Qc7 21. Ne4 Rbd8 22. Nxf6+ gxf6 23. c3 Kf7 24. Qe2 Rg8 25. Nd2 Rg6 
26. Ne4 Rdg8 27. Rbd1 Bc8 28. Qd2 Nce7 29. Qd6 Qa5 30. a3 Qc7 31. Qd3 Rxg3 
32. Qf3 Kf8 33. Qh5 Nh6 34. Qxh6+ Ke8 35. Nxg3 Rg6 36. Qh4 Rg4 37. Rd2 e5 
38. hxg4 
0-1

[Event "34th Chess Olympiad (women)"]
[Site "Istanbul"]
[Date "2000.10.29"]
[Round "2.25.1"]
[White "Ingolfsdottir, Harpa"]
[Black "Milligan, Helen"]
[WhiteElo "2100"]
[BlackElo "2123"]
[WhiteCountry "ISL"]
[BlackCountry "SCO"]
[Result "0-1"]

1. e4 c5 2. Nf3 Nc6 3. d4 cxd4 4. Nxd4 Nf6 5. Nc3 e5 6. Ndb5 d6 7. Bg5 a6 
8. Bxf6 gxf6 9. Na3 f5 10. Bc4 Nd4 11. Qh5 Be6 12. Bxe6 Nxe6 13. exf5 Nd4 
14. O-O-O Qf6 15. Rhe1 O-O-O 16. Ne4 Qxf5 17. Qxf5+ Nxf5 18. Rd3 Rg8 19. g3 Be7 
20. Rf3 Nh6 21. Nf6 Bxf6 22. Re2 Ng4 23. h3 Kc7 24. Nc4 Rh8 25. Rxf6 Nxf6 
26. a4 Ne4 27. Ne3 f5 28. Nd1 Ng5 29. f4 Nf3 30. fxe5 dxe5 31. Rg2 Kd6 
32. g4 f4 33. g5 Ng1 34. Nf2 Ke6 35. Nd3 Nf3 36. Nc5+ Kf5 37. b4 Nxg5 
38. Ne4 Ke6 39. Nd6 Kd5 40. Kd2 b5 41. axb5 axb5 42. Nxb5 e4 43. Ke2 Ke5 
44. Nc3 Rd1 45. Nxd1 f3+ 46. Kf1 e3 47. Ke1 Kd4 48. Nxe3 Kxe3 
0-1

[Event "34th Chess Olympiad (women)"]
[Site "Istanbul"]
[Date "2000.10.29"]
[Round "2.25.2"]
[White "Rutherford, Elaine"]
[Black "Kristinsdottir, A"]
[WhiteElo "2050"]
[BlackElo "2025"]
[WhiteCountry "SCO"]
[BlackCountry "ISL"]
[Result "1-0"]

1. e4 c5 2. Nc3 Nc6 3. f4 e6 4. Nf3 d5 5. Bb5 Nge7 6. d3 g6 7. O-O Bg7 
8. Qe1 O-O 9. Bxc6 Nxc6 10. a3 Nd4 11. Qf2 Nxf3+ 12. Qxf3 dxe4 13. dxe4 Bd7 
14. Be3 Qc7 15. Qf2 b6 16. Qh4 Qd8 17. Qg3 Qc7 18. Rad1 Rad8 19. Qh4 a6 
20. f5 Bd4 21. Bxd4 cxd4 22. Qh6 exf5 23. Nd5 Qe5 24. exf5 Bxf5 25. Rxf5 Qg7 
26. Nf6+ Kh8 27. Qxg7+ Kxg7 28. Rf2 Rd6 29. Ne4 Rd5 30. Rfd2 Rc8 31. Nc3 dxc3 
32. Rxd5 cxb2 33. R5d2 
1-0

[Event "34th Chess Olympiad (women)"]
[Site "Istanbul"]
[Date "2000.10.29"]
[Round "2.25.3"]
[White "Larusdottir, Aldis"]
[Black "Lang, Heather"]
[WhiteElo "2000"]
[BlackElo "2064"]
[WhiteCountry "ISL"]
[BlackCountry "SCO"]
[Result "1/2-1/2"]

1. d4 f5 2. c4 Nf6 3. g3 g6 4. Bg2 Bg7 5. Nf3 O-O 6. O-O d6 7. Nc3 Qe8 
8. d5 Na6 9. Nd4 Bd7 10. b3 c6 11. Bb2 Nc7 12. Rc1 c5 13. Nf3 b5 14. cxb5 Nxb5 
15. Nxb5 Bxb5 16. Rc2 h6 17. Nd2 Qf7 18. Nc4 Bd7 19. Re1 g5 20. e3 Rae8 
21. Bxf6 Bxf6 22. f4 gxf4 23. exf4 Bd4+ 24. Kf1 Qf6 25. Bf3 e5 26. dxe6 Bxe6 
27. Ne3 Bxb3 28. axb3 Rxe3 29. Rxe3 Bxe3 30. Qd5+ Kg7 31. Bh5 Qa1+ 32. Ke2 Qg1 
33. Kd3 Bd4 34. Qxd6 c4+ 35. Rxc4 Qe3+ 36. Kc2 Qf2+ 37. Kd3 Qe3+ 38. Kc2 
1/2-1/2

[Event "34th Chess Olympiad (women)"]
[Site "Istanbul"]
[Date "2000.10.29"]
[Round "2.26.1"]
[White "Tamin, Upi"]
[Black "Zepeda, Sonia"]
[WhiteElo "2240"]
[BlackElo "2046"]
[WhiteCountry "INA"]
[BlackCountry "ESA"]
[Result "1-0"]

1. e4 c5 2. Nf3 Nc6 3. d4 cxd4 4. Nxd4 Nf6 5. Nc3 d6 6. Be2 e5 7. Nb3 Be6 
8. O-O d5 9. Bg5 d4 10. Bxf6 gxf6 11. Nb1 Be7 12. f4 Qc7 13. f5 Bxb3 
14. axb3 a6 15. Nd2 Rc8 16. Bd3 Nb4 17. Rc1 b5 18. Nf3 Bf8 19. Ne1 Bh6 
20. Ra1 Ke7 21. Rf3 Rhg8 22. Kf1 Rg7 23. Qe2 Rcg8 24. Rd1 Qc5 25. c3 Nc6 
26. b4 Qb6 27. Bc2 a5 28. bxa5 Qxa5 29. Bb3 dxc3 30. bxc3 Qb6 31. Rfd3 Rd8 
32. Rxd8 Nxd8 33. Qd3 Qc7 34. Qxb5 Nb7 35. Nc2 Nd6 36. Qd5 Rg4 37. Nb4 Rf4+ 
38. Kg1 Bf8 39. Nc6+ Kd7 40. Ba4 Kc8 41. Rb1 Nb7 42. Na7+ Kb8 43. Bc6 
1-0

[Event "34th Chess Olympiad (women)"]
[Site "Istanbul"]
[Date "2000.10.29"]
[Round "2.26.2"]
[White "Pastor, Tahnya"]
[Black "Zakiah, Al"]
[WhiteElo "2000"]
[BlackElo "2000"]
[WhiteCountry "ESA"]
[BlackCountry "INA"]
[Result "0-1"]

1. e4 c5 2. Nf3 Nc6 3. d4 cxd4 4. Nxd4 d6 5. c4 Nf6 6. Nc3 g6 7. Be3 Bg7 
8. Nc2 Ng4 9. Bc1 Qb6 10. Qd2 Bh6 11. f4 e5 12. Nd5 Qd8 13. Qc3 O-O 
14. Qg3 exf4 15. Bxf4 Bxf4 16. Qxf4 f5 17. e5 dxe5 18. Qd2 Be6 19. O-O-O Rc8 
20. Kb1 Nf6 21. Nce3 Nd4 22. Nxf6+ Qxf6 23. Qb4 b6 24. Bd3 e4 25. Bf1 Nc6 
26. Qa4 Rfd8 27. Nd5 Qf7 28. Be2 Kg7 29. Nf4 Nd4 30. Nxe6+ Nxe6 31. Rhe1 Qc7 
32. Qb3 Nc5 33. Qc3+ Kf7 34. g3 Rxd1+ 35. Rxd1 Rd8 36. Rd5 Ne6 37. Qd2 Ke7 
38. Qh6 Rxd5 39. Qxh7+ Kd6 40. Qxc7+ Nxc7 41. cxd5 Kxd5 42. Kc2 Kd4 43. Kd2 Nd5 
44. h4 Nb4 45. a4 Nd3 46. h5 gxh5 47. Bxh5 Nxb2 48. Bg6 Ke5 49. Be8 Nc4+ 
50. Ke2 f4 51. gxf4+ Kxf4 52. Bb5 Nd6 53. Bc6 Ke5 54. Kf2 Kd4 55. Ke2 a6 
56. Bd7 b5 57. axb5 axb5 58. Be6 Kc3 59. Ke3 b4 60. Bd5 b3 
0-1

[Event "34th Chess Olympiad (women)"]
[Site "Istanbul"]
[Date "2000.10.29"]
[Round "2.26.3"]
[White "Lindiawati, Evi"]
[Black "Nayda, Avalos"]
[WhiteElo "2000"]
[BlackElo "2000"]
[WhiteCountry "INA"]
[BlackCountry "ESA"]
[Result "1-0"]

1. e4 e5 2. Nf3 Nc6 3. d4 exd4 4. Nxd4 Nf6 5. Nxc6 bxc6 6. Bd3 d6 7. O-O Be7 
8. c4 O-O 9. Nc3 Re8 10. h3 Bb7 11. f4 d5 12. e5 Nd7 13. Be3 Bc5 14. Bxc5 Nxc5 
15. b4 Nxd3 16. Qxd3 Qe7 17. a3 Ba6 18. b5 dxc4 19. Qxc4 cxb5 20. Nxb5 Qd7 
21. Rfb1 c6 22. Qd4 Qxd4+ 23. Nxd4 c5 24. Nb5 Bxb5 25. Rxb5 c4 26. Rc1 Rec8 
27. Rb4 c3 28. Rb3 c2 29. Rb2 Kf8 30. Rcxc2 Rxc2 31. Rxc2 Rd8 32. Rc7 a5 
33. Rc4 Rd1+ 34. Kh2 Ke7 35. Ra4 Rd5 36. Kg3 Ke6 37. Kf3 h5 38. Ke4 f5+ 
39. exf6ep 
1-0

[Event "34th Chess Olympiad (women)"]
[Site "Istanbul"]
[Date "2000.10.29"]
[Round "2.27.1"]
[White "Hagesaether, Ellen"]
[Black "Lai, Xiaoqing"]
[WhiteElo "2044"]
[BlackElo "2000"]
[WhiteCountry "NOR"]
[BlackCountry "JPN"]
[Result "1-0"]

1. Nf3 d5 2. g3 Nf6 3. Bg2 c5 4. O-O Nc6 5. d3 e6 6. Nbd2 Be7 7. e4 O-O 
8. e5 Nd7 9. Re1 Qc7 10. Qe2 b5 11. Nf1 a5 12. Bf4 Ba6 13. h4 Rfc8 14. Ne3 Nd4 
15. Nxd4 cxd4 16. Nxd5 Qd8 17. Nxe7+ Qxe7 18. Bxa8 Rxa8 19. Qe4 Rd8 20. Bg5 f6 
21. exf6 gxf6 22. Qxe6+ Qxe6 23. Rxe6 fxg5 24. Rxa6 gxh4 25. Rd6 hxg3 
26. fxg3 Kf7 27. Re1 
1-0

[Event "34th Chess Olympiad (women)"]
[Site "Istanbul"]
[Date "2000.10.29"]
[Round "2.27.2"]
[White "Watai, Miyoko"]
[Black "Berntsen, Sheila Barth"]
[WhiteElo "2000"]
[BlackElo "2094"]
[WhiteCountry "JPN"]
[BlackCountry "NOR"]
[Result "0-1"]

1. d4 f5 2. Nf3 Nf6 3. e3 e6 4. Bd3 d5 5. c4 c6 6. Nc3 Bd6 7. O-O O-O 8. b3 Ne4 
9. Ne2 Nd7 10. Bb2 Qf6 11. Nd2 Qh6 12. f4 g5 13. Bxe4 fxe4 14. g3 Nf6 
15. fxg5 Qxg5 16. Nf4 Bd7 17. Qe2 Rf7 18. Kh1 Raf8 19. Rae1 Qg4 20. Qg2 Rg7 
21. Re2 Nh5 22. Rg1 Rf6 23. Ree1 Rh6 24. Nf1 Be8 25. Qe2 Qf3+ 26. Rg2 Nxf4 
27. gxf4 Bh5 28. Nd2 Qxe2 29. Rgxe2 Bxe2 30. Rxe2 Rhg6 31. h3 Be7 32. cxd5 exd5 
33. a4 Bb4 34. Kh2 Rg3 35. Bc1 Rg1 36. Bb2 Rd1 
0-1

[Event "34th Chess Olympiad (women)"]
[Site "Istanbul"]
[Date "2000.10.29"]
[Round "2.27.3"]
[White "Johnsen, Sylvia"]
[Black "Matsuo, Akemi"]
[WhiteElo "2049"]
[BlackElo "2000"]
[WhiteCountry "NOR"]
[BlackCountry "JPN"]
[Result "1-0"]

1. c4 d5 2. cxd5 Qxd5 3. Nc3 Qa5 4. g3 Nf6 5. Bg2 g6 6. Nf3 Bg7 7. O-O O-O 
8. d3 Nbd7 9. Qc2 c6 10. a3 Ne5 11. Bd2 Nxf3+ 12. Bxf3 Ng4 13. h3 Ne5 
14. Bg2 Be6 15. Kh2 Rac8 16. Rac1 Qb6 17. b4 Nd7 18. Ne4 Nf6 19. Nc5 Bf5 
20. e4 Ng4+ 21. hxg4 Bxg4 22. f3 Be6 23. Be3 Qc7 24. Nxe6 fxe6 25. Qb3 Kh8 
26. Qxe6 Be5 27. f4 Bd6 28. Bd4+ 
1-0

[Event "34th Chess Olympiad (women)"]
[Site "Istanbul"]
[Date "2000.10.29"]
[Round "2.28.1"]
[White "Ratcu, Tatiana"]
[Black "Al-Sherkh Khade, Wasila"]
[WhiteElo "2240"]
[BlackElo "2000"]
[WhiteCountry "BRA"]
[BlackCountry "SYR"]
[Result "1-0"]

1. e4 c6 2. d4 d5 3. exd5 cxd5 4. c4 Nf6 5. Nc3 e6 6. Nf3 Bb4 7. Bg5 Qa5 
8. Bxf6 Bxc3+ 9. bxc3 Qxc3+ 10. Nd2 gxf6 11. cxd5 Qxd4 12. dxe6 Bxe6 
13. Bb5+ Nd7 14. O-O Rg8 15. Qe2 Qe5 16. Ne4 f5 17. Bxd7+ Kxd7 18. Nf6+ Qxf6 
19. Qb5+ Ke7 20. Qxb7+ Kf8 21. Qxa8+ Kg7 22. Qxa7 Kh8 23. Rad1 Qg7 24. g3 Qb2 
25. a4 h5 26. Qd4+ Qxd4 27. Rxd4 Ra8 28. Ra1 Kg7 29. a5 Ra6 30. Rb4 Kf6 
31. Rb6 Ra8 32. a6 Ke7 33. a7 Kd7 34. Rb8 
1-0

[Event "34th Chess Olympiad (women)"]
[Site "Istanbul"]
[Date "2000.10.29"]
[Round "2.28.2"]
[White "Al -Jindi, Nibal"]
[Black "Delai, Paula"]
[WhiteElo "2000"]
[BlackElo "2110"]
[WhiteCountry "SYR"]
[BlackCountry "BRA"]
[Result "0-1"]

1. e4 c5 2. Ne2 d6 3. d3 g6 4. g3 Bg7 5. Bg2 Nc6 6. c3 e6 7. O-O Nge7 8. f4 O-O 
9. Nd2 Rb8 10. Nf3 b5 11. Bd2 b4 12. Qc2 Qb6 13. Kh1 Ba6 14. Rfd1 d5 
15. e5 bxc3 16. bxc3 Qb2 17. Qxb2 Rxb2 18. Nc1 Rfb8 19. Nb3 Bxd3 20. Bc1 Rb1 
21. Rxd3 R8xb3 22. axb3 Rxa1 23. Rd1 Na5 24. Nd2 Nf5 25. Re1 Bf8 26. Kg1 Be7 
27. Kf2 Ra2 28. Re2 Rc2 29. Ba3 Rxc3 30. Bf1 Nd4 31. Re1 Naxb3 32. Bb2 Rc2 
33. Bxd4 Rxd2+ 34. Ke3 cxd4+ 35. Kf3 Rxh2 
0-1

[Event "34th Chess Olympiad (women)"]
[Site "Istanbul"]
[Date "2000.10.29"]
[Round "2.28.3"]
[White "Chaves, Joara"]
[Black "Khalifeh, Diana"]
[WhiteElo "2057"]
[BlackElo "2000"]
[WhiteCountry "BRA"]
[BlackCountry "SYR"]
[Result "1-0"]

1. e4 d5 2. exd5 Qxd5 3. Nc3 Qa5 4. d4 c6 5. Nf3 Nf6 6. Bc4 Bf5 7. O-O Qc7 
8. Bg5 e6 9. Re1 Be7 10. Qe2 O-O 11. h3 h6 12. Bh4 b5 13. Bb3 b4 14. Nd1 Nd5 
15. Bxe7 Qxe7 16. Ne3 Nxe3 17. Qxe3 Na6 18. Qe5 Qc7 19. Qe2 Qb6 20. Ne5 Rad8 
21. Rad1 Nc7 22. Ba4 Rd6 23. Nd7 Rxd7 24. d5 Nxd5 25. g4 Bg6 26. Qe5 c5 
27. Bc6 Qb7 28. Bxd5 Qc8 29. Rc1 exd5 30. Qxd5 Bxc2 31. Re8 Ba4 32. Rxc5 Qxe8 
33. Rc1 Qe2 34. Qd2 Re8 35. Rc8 Qxd2 36. Rd8 Kf8 37. b3 a5 38. Rb8 Ke7 
39. Ra8 Bc6 40. Rxa5 Kd6 41. Kf1 Bf3 42. Rb5 Kc6 43. Rxb4 Kc5 44. Rf4 Bd5 
45. Rf5 Kc6 46. Rxd5 Kxd5 47. a4 
1-0

[Event "34th Chess Olympiad (women)"]
[Site "Istanbul"]
[Date "2000.10.29"]
[Round "2.29.1"]
[White "Agosto, Erika"]
[Black "Burijovich, Liliana"]
[WhiteElo "2036"]
[BlackElo "2182"]
[WhiteCountry "ITA"]
[BlackCountry "ARG"]
[Result "1/2-1/2"]

1. e4 c5 2. Nf3 e6 3. d4 cxd4 4. Nxd4 Nc6 5. Nc3 Qc7 6. Be2 a6 7. O-O Nf6 
8. a3 Nxd4 9. Qxd4 Bc5 10. Qd3 b5 11. Be3 Bb7 12. Bxc5 Qxc5 13. Bf3 Qe5 
14. Rad1 Rc8 15. Rfe1 O-O 16. Qd6 Qg5 17. Rd3 Rc6 18. Qd4 e5 19. Qa7 Rc7 
20. Qb6 Rfc8 21. h3 h6 22. Bd1 Ne8 23. Bg4 Qf6 24. Qe3 Rd8 25. Red1 d6 
26. Qd2 Rc4 27. Qe2 Qe7 28. Rg3 Nf6 29. Bf5 Kf8 30. Qe3 Bc8 31. Qxh6 gxh6 
1/2-1/2

[Event "34th Chess Olympiad (women)"]
[Site "Istanbul"]
[Date "2000.10.29"]
[Round "2.29.2"]
[White "Hernandez, Penna Sabina"]
[Black "Sirletti, Sonia"]
[WhiteElo "2141"]
[BlackElo "2000"]
[WhiteCountry "ARG"]
[BlackCountry "ITA"]
[Result "1/2-1/2"]

1. e4 d6 2. d4 Nf6 3. Nc3 g6 4. f3 Bg7 5. Be3 c6 6. Qd2 Qa5 7. Nge2 b5 
8. Nc1 Nbd7 9. Nb3 Qc7 10. O-O-O a6 11. Kb1 Bb7 12. g4 c5 13. g5 Nh5 
14. dxc5 Nxc5 15. Nxc5 dxc5 16. Nd5 Qe5 17. c3 Bxd5 18. Qxd5 Qxd5 19. Rxd5 c4 
20. Be2 e6 21. Rd2 Be5 22. Rhd1 Bf4 23. Bxf4 Nxf4 24. Bf1 h6 25. gxh6 Rxh6 
26. b3 cxb3 27. axb3 Ke7 28. Kc2 Kf6 29. Ra1 Rhh8 30. Ra5 Rhc8 31. Rd6 Rh8 
32. h3 Nxh3 33. Raxa6 Rxa6 34. Rxa6 Nf4 35. Bxb5 Rh2+ 36. Kd1 Rf2 37. Bc6 Ke5 
38. Ra5+ Kd6 39. Ba8 e5 40. c4 Rxf3 41. c5+ Kc7 42. c6 Ne6 43. Rxe5 Rxb3 
44. Rd5 Rf3 45. Bb7 g5 46. Rd7+ Kb6 47. Re7 g4 48. Re8 g3 49. Rg8 Nc5 
50. Ke2 Rc3 51. e5 Ne6 52. Ba8 Nf4+ 53. Kd2 Rd3+ 54. Kc2 Re3 55. Rg7 Re2+ 
56. Kb3 Rxe5 
1/2-1/2

[Event "34th Chess Olympiad (women)"]
[Site "Istanbul"]
[Date "2000.10.29"]
[Round "2.29.3"]
[White "Arnetta, Maria"]
[Black "Maggiolo, Elisa"]
[WhiteElo "2000"]
[BlackElo "2115"]
[WhiteCountry "ITA"]
[BlackCountry "ARG"]
[Result "0-1"]

1. e4 c5 2. c3 d5 3. exd5 Qxd5 4. d4 Nc6 5. Nf3 e6 6. Be2 Nf6 7. O-O Be7 
8. Na3 cxd4 9. Nb5 Qd8 10. Nbxd4 O-O 11. Nxc6 bxc6 12. Qc2 Qc7 13. Bg5 Bb7 
14. Bh4 c5 15. Nd2 Rad8 16. Bf3 Ba6 17. Rfe1 Qf4 18. Bxf6 Rxd2 19. Be5 Rxc2 
20. Bxf4 Rxb2 21. Red1 Rd8 22. Rxd8+ Bxd8 23. a4 Bf6 24. Rc1 Rb3 25. Bd6 c4 
26. Bb4 Rb2 27. Kf1 g6 28. Bc5 Rb3 29. Bb4 Bg5 30. Rc2 Rb1+ 31. Ke2 Ra1 
32. Bc6 e5 33. Bc5 Bc8 34. Bxa7 Bf5 35. Rb2 Rc1 36. Be3 Bxe3 37. Kxe3 Rxc3+ 
38. Ke2 Ra3 39. Rd2 c3 40. Rd1 c2 41. Rc1 Kf8 42. f3 g5 43. Bb5 Ke7 44. a5 Rxa5 
45. Bd3 Bxd3+ 46. Kxd3 Rc5 47. Rxc2 Rxc2 48. Kxc2 f5 49. Kd3 Ke6 50. Ke3 Kd5 
0-1